000 00461nam a2200169Ia 4500
003 GCL
008 140319s9999 xx 000 0 eng d
040 _aGCL /
_cGCL
082 0 4 _a574.192
_bW P
100 1 _aWALKER,JOHN
245 1 0 _aPRINCIPLES AND TECHNIQUES OF PRACTICAL BIOCHEMISTRY /
_cWALKER,JOHN
700 1 _aWILSON, KEITH
260 _a[S.N] :
_bCAMBRIBGE UNIVERSITY PRESS ،
_c1993
300 _a586\P
650 0 4 _aBIOCHEMISTRY
942 _2ddc
_cBK
999 _c20170
_d20170